000
00214 a2200097 4500
001
48608
100
_a
Taylor, J.W.R
245
_a
History of aviation
260
_a
London
_b
Octopus books
_c
090
_c
31535
_d
31535
942
_a
NUST-CAE
_c
M
_c
23931
999
_c
283681
_d
283681